Vista normal
Vista MARC
Entrada Nombre personal
Número de registros utilizados en: 1
001 - NÚMERO DE CONTROL
- Campo de control: 44698
003 - IDENTIFICADOR DE NÚMERO DE CONTROL
- Campo de control: OSt
005 - FECHA Y HORA DE LA ULTIMA MODIFICACION
- Campo de control: 20210215105338.0
008 - ELEMENTOS DE DATOS DE LONGITUD FIJA
- Campo de longitud fija: 210215|| aca||aabn | a|a d
040 ## - FUENTE DE LA CATALOGACIÓN
- Agencia original de catalogación: OSt
100 1# - ENCABEZAMIENTO--NOMBRE DE PERSONA
- Nombre personal: Martínez Hernández, Johanna Jazmín
670 ## - FUENTE DE DATOS ENCONTRADOS
- Fuente de citación: Investigación, Estudio de la aplicación de INCOTERMS 2020 en GARAN de El Salvador S.A. de C.V.
670 ## - FUENTE DE DATOS ENCONTRADOS
- Fuente de citación: BMC.- 15-02-2021